000
00249nam a2200097Ia 4500
001
819008
005
20250826171804.0
008
250824s9999 xx 000 0 und d
245
0
_a
ENTERESAN BİTKİLER
_c
AYŞE SALİHA EMON
260
_b
ACAYİP YAYINLARI
999
_c
819008
_d
819008